00484nam a2200145Ia 4500020002100000040000800021082002600029245010300055260005500158300002400213650003100237650001700268700002400285700002900309 a0851987702 (pbk) cUKM a630 CAB 1991 A054 Or.00aAppropriate biotechnology in small-scale agriculture :bhow to reorient research and development / aWallingford, Oxon, UK :bCAB International,cc1991 axi, 153 p. ;c24 cm 0aAgricultural biotechnology 0aFarms, Small10aBunders, Joske F. G10aBroerse, Jacqueline E. W